Tous les pays ayant participés au Jeux Olympiques de football - Statistiques

Statistiques générales
  • Ce quiz a été pris 61 fois
  • Le résultat moyen est 61 sur 93
Statistiques - réponses
Première participation Dernière participation Nombres de participations Pays % Correct
1908 2024 12 France
100%
1908 1908 1 France B
100%
1928 2024 10 Argentine
96%
1952 2020 14 Brésil
92%
1924 2024 14 Etats-Unis
92%
1936 2024 12 Japon
90%
1976 1984 2 Canada
88%
1920 2024 12 Espagne
88%
1908 2012 9 Grande-Bretagne
88%
1964 2024 8 Maroc
88%
1928 2020 12 Mexique
88%
1912 1912 1 Russie
88%
1908 2016 9 Suède
88%
1936 2008 4 Chine
86%
1912 2008 15 Italie
86%
1980 2016 2 Algérie
84%
1912 2020 8 Allemagne
84%
1972 1988 3 Allemagne de l'Ouest
84%
1948 2020 11 Corée du Sud
84%
1912 1984 5 Norvège
84%
1928 2016 4 Portugal
84%
1924 2012 3 Uruguay
84%
1956 2020 8 Australie
82%
1968 2016 5 Colombie
82%
1920 2024 13 Egypte
82%
1928 2000 4 Chili
80%
1912 1980 4 Finlande
80%
2024 2024 1 Ukraine
80%
2000 2020 3 Afrique du Sud
78%
2012 2012 1 Sénégal
78%
1920 2008 4 Belgique
76%
1984 2008 3 Cameroun
76%
1920 2004 3 Grèce
76%
1964 1976 2 Corée du Nord
73%
2008 2024 4 Nouvelle-Zélande
73%
1924 1992 7 Pologne
73%
1924 2012 3 Suisse
73%
1960 2004 4 Tunisie
73%
1952 1988 6 URSS
73%
1908 2016 9 Danemark
71%
1924 1948 2 Irlande
71%
2004 2024 2 Mali
71%
2008 2020 2 Côte d'Ivoire
69%
1912 1996 9 Hongrie
69%
1992 2024 3 Paraguay
69%
1936 1960 2 Perou
69%
2004 2008 2 Serbie
69%
1924 1960 6 Turquie
69%
1920 1988 11 Yougoslavie
69%
1964 1976 3 Iran
67%
1908 2008 8 Pays-Bas
67%
1924 2020 5 Roumanie
67%
2000 2000 1 Slovaquie
67%
1968 2016 7 Nigéria
65%
2000 2000 1 Republique Tchèque
65%
1988 2020 3 Arabie Saoudite
63%
1924 1968 5 Bulgarie
63%
2000 2020 5 Honduras
63%
1948 1960 4 Inde
63%
1980 2024 6 Irak
63%
1984 1992 2 Qatar
63%
1980 1980 1 Venezuela
63%
1912 1952 4 Autriche
59%
1968 2024 2 Guinée
59%
1968 2024 3 Israel
59%
1956 1968 2 Thailande
57%
2012 2012 1 Emirats Arabes Unis
55%
1956 1956 1 Indonésie
55%
1980 2004 3 Costa Rica
53%
1964 2004 5 Ghana
53%
1920 1952 6 Luxembourg
53%
1920 1980 5 Tchécoslovaquie
53%
2012 2012 1 Biélorussie
51%
1976 1980 2 Cuba
51%
1924 1924 1 Estonie
51%
1924 1924 1 Lettonie
49%
2012 2012 1 Gabon
47%
1968 1988 3 Guatemala
47%
1924 1924 1 Lituanie
47%
1972 1980 3 Allemagne de l'Est
45%
1980 1980 1 Syrie
45%
1968 1968 1 Salvador
43%
1980 1988 2 Zambie
41%
1980 2000 3 Koweit
37%
1972 1972 1 Soudan
37%
2016 2016 1 Fidji
33%
1972 1972 1 Malaisie
33%
2024 2024 1 Ouzbekistan
33%
1960 1960 1 Taiwan
29%
1948 1948 1 Afghanistan
27%
2024 2024 1 République Dominicaine
20%
1972 1972 1 Birmanie
18%
1952 1952 1 Antilles néerlandaises
8%
Aucun quiz correspondant
Distribution des résultats
% des personnes avec chaque résultat
Percentile par nombre de réponses
Votre historique - résultats
Vous n’avez pas pris ce quiz